000 00906nam a2200301 i 4500
003 EG-GICUC
005 20260422160432.0
008 260422s2004 fr ||||fr|||| 00| 0 fre d
040 _aEG-GiCUC
_bfre
_cEG-GiCUC
_dEG-GiCUC
_eRda
041 0 _afre
082 0 4 _221
_a343
_bLO . D
092 0 4 _221
099 _aLaw1 10 343 LO . D 2004
100 1 _aLopez,Gérard
_eAuteur
245 1 0 _aDictionnaire Des Sciences Criminelles /
_cGérard Lopez.
264 1 _aParis :
_bDalloz,
_c2004.
300 _a1013 page ;
_c 24 cm.
336 _2rda contenu
_a texte
337 _2rda medias
_aOrdinateur
338 _2 transporteur rda
_a Ressource en ligne
546 _aTexte en français
650 1 _aDroit Pénal
650 1 _aSciences Criminelles
700 1 _aTzitzis,Stamatios
_eAuteur
856 4 0 _uhttps://fll.law.cu.edu.eg/fulltext/bks/B10-10316.pdf
905 _a59
942 _2ddc
_n0
_cBK
_e21
999 _c72835
_d72835